000 00458nam a2200169Ia 4500
003 GCL
008 140319s9999 xx 000 0 ara d
040 _aGCL /
_cGCL
082 0 4 _a891.4
_bط م
245 1 0 _aمكتب الفريد
300 _a48
490 _aالالف كتاب
_v0
650 0 4 _aالمسرحيات
650 0 4 _aالادب الهندى المترجم
650 0 4 _aالمسرحيات الهندية المترجمة
942 _2ddc
_cBK
999 _c43096
_d43096